[Event "Nikea Fysiolatriko-A 11th"]
[Site "Nikea"]
[Date "2013.06.20"]
[Round "2"]
[White "Vrettos, Augoustinos"]
[Black "Grigoriadis, Mihail"]
[Result "0-1"]
[WhiteElo "1596"]
[BlackElo "1912"]
[PlyCount "56"]
[EventDate "2013.06.19"]
[EventType "swiss"]
[EventRounds "9"]
[EventCountry "GRE"]
[SourceTitle "EXT 2024"]
[Source "ChessBase"]
[SourceDate "2023.10.10"]
[SourceVersion "1"]
[SourceVersionDate "2023.10.10"]
[SourceQuality "1"]

1. d4 Nf6 2. c4 g6 3. g3 Bg7 4. Bg2 d6 5. Nc3 0-0 6. Nf3 Nbd7 7. e4 e5 8. d5 Nc5 9. Qc2 a5 10. h3 a4 11. Be3 a3 12. Nxe5 axb2 13. Qxb2 Nfxe4 14. Bxe4 Bxe5 15. Bxc5 dxc5 16. Bg2 Qf6 17. Rc1 Bxc3+ 18. Qxc3 Re8+ 19. Kf1 Qxc3 20. Rxc3 Rxa2 21. Re3 Rxe3 22. fxe3 Bf5 23. e4 Rxg2 24. exf5 Rxg3 25. fxg6 hxg6 26. Kf2 Rc3 27. Re1 Rxc4 28. Re7 Rd4 0-1